000 00356 a2200109 4500
001 ART_14768
005 20260410161913.0
008 260409a
245 1 0 _aAn estimate of the capital stock for the Belgian industrial sector
100 1 _aVerstraeten, Juan
773 0 _tEuropean economic review
_g- Vol. 8, NÂș 1 (jun. 1976)
_wREV13346
999 _c27024
_d27024